000 00536nam a2200193Ia 4500
005 20250326125331.0
008 250326s9999 xx 000 0 und d
037 _aTextbook
040 _aFMSL
_beng
_cFMSL
041 _aeng
_2eng
084 _aX8(A):8 J9
_qFMSL
100 _aBethel L L
_9737372
245 0 _aEssentials of industrial management
_cBethel L L; Atwater F S And Others
250 _a2
260 _aNy
_bNy, McGraw-Hill
_c1959
300 _a514p
942 _cTB
_hX8(A):8 J9
999 _c1277574
_d1277574